000 00846nas a2200265 4500
001 BR2017003296
003 BR-BrBNA
005 20231205131158.0
007 ta
008 230509b bl.|||p| |||| 00| 00por d
040 _aBR-BrBNA
_bpor
_cBiblioteca Nacional de Agricultura
041 _a(En)
072 _aQ02; Q04
100 1 _aSilva, T.N.
100 1 _aCosta, A.R. da
100 1 _aGarcia-Rojas, E.E.
245 1 _aTextural balavior of gels formed by rice starch and whey protein isolate: concentartion and crosshead velocites
650 _aAMIDO
650 _aINDUSTRIA ALIMENTICIA
650 _aARROZ
650 _aPROPRIEDADE REOLOGICA
773 0 _tCiência e Agrotecnologia (Brazil)
_xISSN 1413-7054
_g(Nov-Dec 2017), v. 41(6) p. 713-723
_wBR2017003296
909 _a202311
_bLúcia
_c55
_dLúcia Elande
942 _2AGRIS
_n0
_cANA
999 _c253416
_d253416